[Event "96th ch-GER Candidates"]
[Site "Munich GER"]
[Date "2025.05.19"]
[Round "3.8"]
[White "Voicu-Jagodzinsky, Carmen"]
[Black "Krastev, Alexander"]
[Result "0-1"]
[WhiteTitle "WGM"]
[BlackTitle "IM"]
[WhiteElo "2220"]
[BlackElo "2426"]
[WhiteFideId "1206729"]
[BlackFideId "12989983"]
[EventDate "2025.05.17"]

1. e4 c5 2. Nf3 e6 3. d4 cxd4 4. Nxd4 Nf6 5. Nc3 d6 6. Be2 Be7 7. O-O O-O 8. f4
e5 9. Nb3 b6 10. Bf3 Bb7 11. Nd5 Nbd7 12. Re1 Rc8 13. c3 Re8 14. Qd3 Bf8 15. Qf1
Bxd5 16. exd5 e4 17. Be2 Nxd5 18. Ba6 Rc7 19. Nd4 Qa8 20. Bd2 Nb8 21. Bb5 Rd8
22. Rad1 a6 23. Ba4 Nf6 24. f5 b5 25. Bb3 d5 26. g4 Nc6 27. g5 Ne8 28. Bf4 Nxd4
29. cxd4 Rc6 30. Rc1 Qc8 31. Bg3 Qd7 32. Rxc6 Qxc6 33. Rc1 Qd7 34. Rc2 Nd6 35.
g6 Nxf5 36. Rc7 Qe6 37. Rxf7 hxg6 38. Rb7 Nxd4 39. Bd1 e3 40. Qf4 e2 41. Qxd4
Bc5 42. Rxg7+ Kh8 0-1

[Event "96th ch-GER Candidates"]
[Site "Munich GER"]
[Date "2025.05.19"]
[Round "3.9"]
[White "Kuegel, Tobias"]
[Black "Pfrommer, Christoph"]
[Result "1-0"]
[WhiteTitle "IM"]
[BlackTitle "FM"]
[WhiteElo "2362"]
[BlackElo "2272"]
[WhiteFideId "4636295"]
[BlackFideId "4603290"]
[EventDate "2025.05.17"]

1. e4 e5 2. Nf3 Nc6 3. Nc3 Nf6 4. a3 d5 5. Bb5 d4 6. Ne2 Bd6 7. d3 O-O 8. O-O
Nh5 9. c3 dxc3 10. Nxc3 h6 11. h3 Nf6 12. Be3 Bd7 13. d4 Re8 14. d5 Ne7 15. Bxd7
Qxd7 16. Nh4 b5 17. Qf3 Kh7 18. Ne2 Rf8 19. Ng3 Nfg8 20. Qg4 Qe8 21. Ngf5 g6 22.
Nxd6 cxd6 23. f4 f5 24. Qg3 fxe4 25. fxe5 Rxf1+ 26. Rxf1 Nxd5 27. exd6 Nxe3 28.
Qxe3 Qe6 29. Qf4 Kg7 30. Rc1 Rd8 31. Rc7+ Rd7 32. Rxd7+ Qxd7 33. Qg3 g5 34. Qe5+
Nf6 35. Nf5+ Kg6 36. Ne7+ Kf7 37. Nf5 Kg6 38. g4 h5 39. gxh5+ Nxh5 40. Ne7+ Kf7
41. Qd5+ Kf6 42. Ng8+ Kg6 43. Qxe4+ Kg7 44. Qe7+ Qxe7 45. Nxe7 Kf7 46. Nc6 Ke6
47. Nxa7 b4 48. Nb5 Nf4 49. a4 Nd3 50. a5 Nxb2 51. a6 Nc4 52. a7 Nb6 53. Kf2 b3
54. Nd4+ Kxd6 55. Nxb3 Kc7 56. Nc5 Na8 57. Ne6+ Kb7 58. Nxg5 Nc7 59. h4 Nd5 60.
Kf3 Nf6 61. Ne4 Ng8 62. Kf4 Kxa7 63. Kg5 Kb7 64. h5 Kc7 65. Nf6 Ne7 66. h6 Nc6
67. h7 Ne5 68. Kf5 1-0

[Event "96th ch-GER Candidates"]
[Site "Munich GER"]
[Date "2025.05.19"]
[Round "3.10"]
[White "Lippert, Daniel"]
[Black "Polster, Christian"]
[Result "0-1"]
[BlackTitle "FM"]
[WhiteElo "2227"]
[BlackElo "2295"]
[WhiteFideId "16261895"]
[BlackFideId "12965081"]
[EventDate "2025.05.17"]

1. e4 c6 2. d4 d5 3. e5 Bf5 4. Nf3 e6 5. Be2 Nd7 6. O-O Ne7 7. Nbd2 h6 8. Nb3
Bh7 9. a4 a5 10. Bd2 Nf5 11. Kh1 Be7 12. Bd3 O-O 13. Qb1 Bg6 14. Nc1 c5 15. c3
Nh4 16. Nxh4 Bxd3 17. Qxd3 Bxh4 18. Ne2 Ra6 19. Nf4 Bg5 20. Qg3 f5 21. dxc5 Nxc5
22. b4 Ne4 23. Qd3 Nxd2 24. Qxd2 Rc6 25. g3 Qc7 26. Ra3 Rc8 27. Re1 b6 28. bxa5
bxa5 29. Re3 Bxf4 30. gxf4 Rc4 31. Rg3 Qc6 32. f3 Rxc3 33. Rxc3 Qxc3 34. Qf2
Qc1+ 35. Rg1 Qxf4 36. Qe2 Rc1 37. Rxc1 Qxc1+ 38. Kg2 Qc4 39. Qd1 d4 40. Qb1 d3
41. Qb8+ Kh7 42. Qd6 Qc2+ 0-1

[Event "96th ch-GER Candidates"]
[Site "Munich GER"]
[Date "2025.05.19"]
[Round "3.11"]
[White "Zackrisson, Peter"]
[Black "Philipp, Mathias"]
[Result "1-0"]
[BlackTitle "CM"]
[WhiteElo "2288"]
[BlackElo "2159"]
[WhiteFideId "16282078"]
[BlackFideId "12958883"]
[EventDate "2025.05.17"]

1. d4 d5 2. c4 c6 3. Nf3 Nf6 4. g3 Bf5 5. Nc3 e6 6. Qb3 Qb6 7. c5 Qc7 8. Bf4 Qc8
9. Nh4 Nbd7 10. Nxf5 exf5 11. Qc2 g6 12. b4 b6 13. e3 a5 14. b5 bxc5 15. bxc6
Qxc6 16. Bb5 Qe6 17. Be5 Be7 18. Bxd7+ Kxd7 19. Qa4+ Qc6 20. dxc5 Qxa4 21. Nxa4
Ke6 22. Bd4 Rac8 23. Ke2 Rc6 24. Rab1 Rhc8 25. Rb5 Nd7 26. Rc1 Bd8 27. Rc2 h5
28. Rcb2 Be7 29. Nb6 R8c7 30. Nxd7 Kxd7 31. Rc2 Ra7 32. Kd3 f6 33. Kc3 Bd8 34.
Kb3 Bc7 35. Ka4 Kc8 36. Bc3 Ra8 37. Rd2 Kd7 38. Rxd5+ Ke6 39. Rd3 Bd8 40. Kb3
a4+ 41. Kc4 h4 42. Rb7 hxg3 43. hxg3 Rac8 44. Bb4 Be7 45. Rd5 R8c7 46. Rxc7 Rxc7
47. Ba5 Rc8 48. Bb6 Rh8 49. Rd2 Rh1 50. Kb5 a3 51. c6 Rb1+ 52. Ka6 Bd6 53. c7
Bxc7 54. Bxc7 Rb2 55. Ba5 g5 56. Bc3 1-0

[Event "96th ch-GER Candidates"]
[Site "Munich GER"]
[Date "2025.05.19"]
[Round "3.12"]
[White "Kocharin, Timur"]
[Black "Grossmann, Piet"]
[Result "1-0"]
[WhiteTitle "FM"]
[WhiteElo "2324"]
[BlackElo "2063"]
[WhiteFideId "16240936"]
[BlackFideId "16234359"]
[EventDate "2025.05.17"]

1. c4 e6 2. Nc3 Nf6 3. e4 d5 4. cxd5 exd5 5. e5 d4 6. exf6 dxc3 7. Bb5+ c6 8.
Qe2+ Be6 9. Bc4 Qxf6 10. dxc3 Be7 11. Bxe6 Qxe6 12. Qxe6 fxe6 13. Nf3 Nd7 14.
Ke2 O-O-O 15. Be3 Bf6 16. a4 Kb8 17. Rhd1 Nb6 18. Bxb6 axb6 19. Nd2 Rd5 20. Ne4
Be7 21. c4 Rxd1 22. Rxd1 Kc7 23. b3 Rf8 24. Rd3 Rf4 25. Ke3 Rh4 26. h3 Rh5 27.
Ke2 Re5 28. Kf3 Rf5+ 29. Ke3 Rh5 30. Rd1 Rf5 31. g4 Rf8 32. f3 Ra8 33. Rd3 Ra5
34. Nc3 Re5+ 35. Kf4 Ra5 36. Ne4 h6 37. Ke3 Ra8 38. Ng3 Rf8 39. Ke4 Bd6 40. Ne2
Kd7 41. h4 Ke7 42. h5 Rd8 43. Nf4 Bxf4 44. Rxd8 Kxd8 45. Kxf4 c5 46. Ke5 Ke7 47.
f4 Kd7 48. g5 Ke7 49. gxh6 gxh6 50. f5 exf5 51. Kxf5 Kf7 52. Ke5 Ke7 53. Kd5 Kd7
54. a5 bxa5 55. Kxc5 Kc7 56. Kb5 b6 57. c5 bxc5 58. Kxc5 1-0

[Event "96th ch-GER Candidates"]
[Site "Munich GER"]
[Date "2025.05.19"]
[Round "3.13"]
[White "Sauer, Tim"]
[Black "Maier, Alexander"]
[Result "1-0"]
[BlackTitle "IM"]
[WhiteElo "2139"]
[BlackElo "2226"]
[WhiteFideId "16265726"]
[BlackFideId "4617061"]
[EventDate "2025.05.17"]

1. Nf3 Nc6 2. d4 d5 3. c4 Bg4 4. Nc3 e6 5. cxd5 exd5 6. Bf4 Bb4 7. Ne5 Nxe5 8.
Bxe5 Bxc3+ 9. bxc3 f6 10. Bg3 Ne7 11. Qb3 b6 12. e3 O-O 13. c4 c5 14. cxd5 Kh8
15. f3 Nxd5 16. e4 Be6 17. exd5 Bxd5 18. Bc4 Bxc4 19. Qxc4 b5 20. Qd3 Qa5+ 21.
Kf2 Rad8 22. d5 Qb6 1-0

[Event "96th ch-GER Candidates"]
[Site "Munich GER"]
[Date "2025.05.19"]
[Round "3.14"]
[White "Ollenberger, Roland"]
[Black "Hoppstaedter, Daniel"]
[Result "1/2-1/2"]
[WhiteTitle "FM"]
[WhiteElo "2206"]
[BlackElo "2161"]
[WhiteFideId "24608440"]
[BlackFideId "16243625"]
[EventDate "2025.05.17"]

1. e4 c6 2. Nc3 d5 3. d4 dxe4 4. Nxe4 Nf6 5. Nxf6+ exf6 6. c3 Bd6 7. Bd3 O-O 8.
Qc2 Re8+ 9. Ne2 h5 10. O-O h4 11. h3 Nd7 12. Bf4 Nf8 13. Bxd6 Qxd6 14. Rae1 g6
15. Qd2 Kg7 16. Qf4 Qxf4 17. Nxf4 Rxe1 18. Rxe1 Ne6 19. Nxe6+ Bxe6 20. a3 f5 21.
Re5 Kf6 22. f4 Rg8 23. Kf2 Ke7 24. a4 Kd6 25. a5 b6 26. b4 b5 27. Be2 f6 28. Re3
Bd5 29. Bd3 Be6 30. Bc2 Rh8 31. Bd1 Bd5 32. g3 hxg3+ 33. Rxg3 g5 34. fxg5 f4 35.
Rg4 fxg5 36. Rxg5 Rxh3 37. Rg6+ Ke7 38. Rg7+ Kf6 39. Rxa7 Rh2+ 40. Ke1 f3 41.
Ra8 f2+ 42. Kf1 Rh1+ 43. Kxf2 Rxd1 44. a6 Ke7 45. Ra7+ Kd6 46. Rb7 Ra1 47. a7
Bh1 48. Ke3 Kd5 49. Rh7 Bg2 50. Rh2 Bf1 51. Rh1 Ra3 52. Rxf1 Rxc3+ 53. Kd2 Ra3
54. Rc1 1/2-1/2

[Event "96th ch-GER Candidates"]
[Site "Munich GER"]
[Date "2025.05.19"]
[Round "3.15"]
[White "Steffens, Olaf"]
[Black "Manucharyan, Andriy"]
[Result "0-1"]
[WhiteTitle "FM"]
[WhiteElo "2184"]
[BlackElo "2141"]
[WhiteFideId "4630564"]
[BlackFideId "16260910"]
[EventDate "2025.05.17"]

1. a3 e5 2. Nc3 Nf6 3. d3 d5 4. Nf3 Nbd7 5. g3 Bd6 6. Bg2 c6 7. O-O O-O 8. e4
Re8 9. Nh4 dxe4 10. Nf5 Bf8 11. dxe4 Qc7 12. Qf3 g6 13. Nh6+ Kg7 14. Bg5 Be7 15.
Rad1 Nc5 16. h4 Be6 17. b4 Ncd7 18. Nd5 cxd5 19. exd5 Nxd5 20. Rxd5 f6 21. Rfd1
Rf8 22. Be3 Bxd5 23. Qxd5 Rad8 24. Qxb7 Qxb7 25. Bxb7 f5 26. Bg5 Bxg5 27. hxg5
Nb6 28. Re1 Rfe8 29. c4 Nxc4 30. Rc1 Rd4 31. Ba6 Re6 32. Bxc4 Rc6 33. Re1 Rdxc4
34. Rxe5 Kf8 35. Rb5 Rc7 36. Kg2 Rc3 37. a4 R3c6 38. Rd5 Rc4 39. Rb5 Re4 40.
Rb8+ Re8 41. Rb5 Ke7 42. g4 f4 43. Kf3 Rf8 44. Ke4 Kd6 45. Rd5+ Kc6 46. Re5 Kb7
47. a5 Ka6 48. Re6+ Kb5 49. Rf6 Rc4+ 50. Kf3 Rxf6 51. gxf6 Kxb4 52. Nf7 Rc8 53.
Nd6 Rf8 54. g5 Kxa5 55. Kxf4 Kb4 56. Ke5 a5 57. Ke6 a4 58. Ke7 Ra8 59. f7 a3 60.
Ne8 Ra7+ 61. Ke6 Rxf7 62. Kxf7 a2 63. Kg7 a1=Q+ 64. Kxh7 Qe5 65. Nf6 Qxg5 66.
Kg7 Qf5 67. f4 Kc5 0-1

[Event "96th ch-GER Candidates"]
[Site "Munich GER"]
[Date "2025.05.19"]
[Round "3.16"]
[White "Herbrig, Alexander"]
[Black "Mueller, Thorsten"]
[Result "1-0"]
[WhiteTitle "FM"]
[WhiteElo "2297"]
[BlackElo "2034"]
[WhiteFideId "12952044"]
[BlackFideId "4653319"]
[EventDate "2025.05.17"]

1. d4 d5 2. c4 c6 3. Nc3 Nf6 4. e3 e6 5. Nf3 Nbd7 6. Bd3 dxc4 7. Bxc4 b5 8. Bd3
Bb7 9. e4 b4 10. Na4 c5 11. e5 Nd5 12. O-O cxd4 13. Nxd4 Be7 14. Re1 Rc8 15. Qg4
g6 16. Bh6 Qa5 17. b3 a6 18. Rad1 Nc5 19. Nxc5 Rxc5 20. Be4 Qb6 21. Ne2 f5 22.
exf6 Nxf6 23. Qxg6+ 1-0

[Event "96th ch-GER Candidates"]
[Site "Munich GER"]
[Date "2025.05.19"]
[Round "4.1"]
[White "Vavulin, Maxim"]
[Black "Hertneck, Gerald"]
[Result "1-0"]
[WhiteTitle "GM"]
[BlackTitle "GM"]
[WhiteElo "2542"]
[BlackElo "2420"]
[WhiteFideId "4169530"]
[BlackFideId "4600088"]
[EventDate "2025.05.17"]

1. e4 e6 2. d4 d5 3. Nd2 Nd7 4. Ngf3 g6 5. g3 Ne7 6. Bg2 Bg7 7. O-O O-O 8. Qe2
c5 9. exd5 Nxd5 10. c4 N5b6 11. Nb3 cxd4 12. Nbxd4 Ne5 13. Bg5 f6 14. Bf4 Nbxc4
15. Rfd1 Qa5 16. Nb3 Qa6 17. Bxe5 fxe5 18. Nfd2 Nb6 19. Qxa6 bxa6 20. Bxa8 Nxa8
21. Nc5 Nb6 22. Nde4 Kf7 23. Rd6 Ke7 24. Rc1 Rd8 25. Rxd8 Kxd8 26. Nd6 Bd7 27.
Ndb7+ Ke7 28. Nxd7 Kxd7 29. Nc5+ Kd6 30. Nxa6 e4 31. b3 Nd5 32. Rc4 e3 33. Kf1
exf2 34. Kxf2 h5 35. Kf3 Nc3 36. a4 Nb1 37. Ke2 Nc3+ 38. Kd3 Nd1 39. Rc2 Bh6 40.
Re2 e5 41. b4 e4+ 42. Kd4 Bg7+ 43. Kc4 e3 44. Nc5 Ke5 45. Re1 Nb2+ 46. Kb3 1-0

[Event "96th ch-GER Candidates"]
[Site "Munich GER"]
[Date "2025.05.19"]
[Round "4.2"]
[White "Hagner, Bennet"]
[Black "Kunin, Vitaly"]
[Result "1-0"]
[WhiteTitle "IM"]
[BlackTitle "GM"]
[WhiteElo "2418"]
[BlackElo "2497"]
[WhiteFideId "16224477"]
[BlackFideId "4128737"]
[EventDate "2025.05.17"]

1. e4 d6 2. d4 Nf6 3. Nc3 e5 4. Nf3 Nbd7 5. h3 c6 6. g4 h6 7. Be3 Be7 8. a4 Qa5
9. Nd2 Qc7 10. Bc4 exd4 11. Bxd4 Ne5 12. Bb3 g5 13. Qe2 Bd7 14. O-O-O a6 15.
Rhf1 b5 16. f4 gxf4 17. Rxf4 Be6 18. Qf2 Nfd7 19. h4 Rg8 20. Rf1 O-O-O 21. Bxe6
fxe6 22. Bxe5 Nxe5 23. Qg3 d5 24. exd5 exd5 25. Qh3 Kb7 26. Nb3 b4 27. Ne2 c5
28. Kb1 Rd7 29. Rf5 c4 30. Nbd4 b3 31. cxb3 Ka8 32. g5 Bd6 33. gxh6 Rb8 34. Qg2
cxb3 35. Qxd5+ Ka7 36. Rc1 Qb7 37. Rxe5 Bxe5 38. Qxe5 Ka8 39. Ne6 Qb4 40. Nc3
Re7 41. Qd5+ Ka7 42. Nd4 Rb6 43. Nc6+ Rxc6 44. Qxc6 Qxh4 45. Nd5 Qe4+ 46. Ka1
Rb7 47. Nc7 Qxc6 48. Rxc6 Rb4 49. Rxa6+ Kb7 50. Nd5 Rh4 51. Rb6+ Ka7 52. Rxb3
Rxh6 53. Ka2 Rh5 54. Nc3 Ka6 55. Rb5 Rh3 56. Rg5 1-0

[Event "96th ch-GER Candidates"]
[Site "Munich GER"]
[Date "2025.05.19"]
[Round "4.3"]
[White "Braun, Georg"]
[Black "Garner, Isaac"]
[Result "1/2-1/2"]
[WhiteTitle "FM"]
[WhiteElo "2385"]
[BlackElo "2399"]
[WhiteFideId "24629383"]
[BlackFideId "16239261"]
[EventDate "2025.05.17"]

1. e4 c6 2. d4 d5 3. Nc3 dxe4 4. Nxe4 Nf6 5. Nxf6+ exf6 6. Be3 Bd6 7. Bd3 Na6 8.
a3 O-O 9. Ne2 Re8 10. O-O Nc7 11. c4 f5 12. Qd2 h6 13. Bf4 Qf6 14. Rfe1 Bd7 15.
Rad1 Rad8 16. Bb1 Bc8 17. Ng3 Rxe1+ 18. Rxe1 Bxf4 19. Qxf4 Ne6 20. Qxf5 Qxf5 21.
Nxf5 Kf8 22. d5 cxd5 23. cxd5 Rxd5 24. Rc1 Bd7 25. Ne3 Rc5 26. Rxc5 Nxc5 27. Kf1
Be6 28. Bc2 Nb3 29. Ke2 Nd4+ 30. Kd3 Nxc2 31. Kxc2 Ke7 32. Kd3 Kd6 33. Kd4 g6
34. h4 Bb3 35. Ng4 h5 36. Ne3 Ke6 37. g3 Ba2 38. Ke4 Bb1+ 39. Kd4 Ba2 40. b4 Bb3
41. f4 Ba4 42. Kc4 Bd7 43. Kd4 Bc6 44. Kc5 Bf3 45. a4 Be4 46. a5 Bf3 47. Kd4 Bc6
48. Nc4 Bb5 49. Ne3 Bc6 50. Kc5 Be4 51. Nc4 Bd5 1/2-1/2

[Event "96th ch-GER Candidates"]
[Site "Munich GER"]
[Date "2025.05.19"]
[Round "4.4"]
[White "Poetsch, Hagen"]
[Black "Besou, Hussain"]
[Result "1-0"]
[WhiteTitle "GM"]
[BlackTitle "FM"]
[WhiteElo "2484"]
[BlackElo "2351"]
[WhiteFideId "24615137"]
[BlackFideId "16269950"]
[EventDate "2025.05.17"]

1. e4 e5 2. Nf3 Nc6 3. d4 exd4 4. Nxd4 Nf6 5. Nxc6 bxc6 6. Bd3 d5 7. exd5 cxd5
8. O-O Be7 9. c4 O-O 10. Nc3 Bb7 11. Qb3 Rb8 12. cxd5 Bxd5 13. Qc2 Be6 14. Rd1
Qc8 15. Nb5 c5 16. b3 Qb7 17. Bf4 Rbd8 18. Nc7 Bg4 19. f3 Bh5 20. Bc4 Rxd1+ 21.
Rxd1 Rd8 22. Re1 Bf8 23. Qc3 h6 24. Qa5 Rd7 25. Na6 Nd5 26. Bg3 Qb6 27. Qxb6
Nxb6 28. Bb5 Rd8 29. Bf2 Rd2 30. a4 Rc2 31. g4 Bg6 32. Re8 f5 33. Rb8 Rc1+ 34.
Kg2 Rc2 35. Kg1 Rc1+ 36. Kg2 Rc2 37. Bd3 Rc3 38. Bxf5 Bxf5 39. gxf5 Kf7 40. Rb7+
Kf6 41. Bh4+ g5 42. fxg6+ Kxg6 43. Be7 Bxe7 44. Rxe7 Rxb3 45. Nxc5 Rb2+ 46. Kg3
a5 47. Nd3 Rb3 48. Nf4+ Kf5 49. Rh7 Nc4 50. Rxh6 Ne5 51. Rh5+ Kf6 52. Nd5+ Ke6
53. Nc7+ Kf6 54. Ne8+ Ke6 55. Ng7+ Kd6 56. Rf5 Rb4 57. h4 Rxa4 58. h5 Ra1 59. h6
Rh1 60. Rf6+ Kd5 61. Kg2 Rh4 62. Nf5 Rh5 63. Ng3 Rh4 64. Nf5 Rh5 65. Ng3 Rh4 66.
Ra6 Nc6 67. Nf5 Rh5 68. Ne7+ 1-0

[Event "96th ch-GER Candidates"]
[Site "Munich GER"]
[Date "2025.05.19"]
[Round "4.5"]
[White "Polster, Christian"]
[Black "Gloeckler, Christian"]
[Result "0-1"]
[WhiteTitle "FM"]
[BlackTitle "FM"]
[WhiteElo "2295"]
[BlackElo "2429"]
[WhiteFideId "12965081"]
[BlackFideId "34608966"]
[EventDate "2025.05.17"]

1. e4 c5 2. Nf3 d6 3. d4 cxd4 4. Qxd4 Nf6 5. h3 Nc6 6. Qe3 g6 7. Be2 Bg7 8. O-O
O-O 9. Rd1 b6 10. e5 Ne8 11. Nc3 Bf5 12. g4 Bd7 13. exd6 Nxd6 14. Nd5 Be6 15.
Qa3 Bxd5 16. Rxd5 Qc8 17. Rd1 h5 18. Qa4 hxg4 19. hxg4 Qe6 20. Bf1 Rac8 21. Ng5
Qf6 22. c3 Ne5 23. Be2 Nec4 24. Qc2 Qe5 25. Nf3 Qc5 26. Bg5 Rc7 27. Rac1 b5 28.
Bh4 Bh6 29. Rb1 e5 30. Bf6 e4 31. Nd4 e3 32. Nb3 exf2+ 33. Kh1 Qc6+ 34. Kh2 Ne3
35. Bc4 Qg2# 0-1

[Event "96th ch-GER Candidates"]
[Site "Munich GER"]
[Date "2025.05.19"]
[Round "4.6"]
[White "Krastev, Alexander"]
[Black "Zackrisson, Peter"]
[Result "1/2-1/2"]
[WhiteTitle "IM"]
[WhiteElo "2426"]
[BlackElo "2288"]
[WhiteFideId "12989983"]
[BlackFideId "16282078"]
[EventDate "2025.05.17"]

1. e4 c5 2. Nf3 d6 3. Bb5+ Nd7 4. a4 Nf6 5. Nc3 g6 6. a5 a6 7. Bc4 e6 8. d4 cxd4
9. Qxd4 Qc7 10. O-O Bg7 11. Be2 O-O 12. Rd1 Nc5 13. Qxd6 Qxd6 14. Rxd6 Nfxe4 15.
Nxe4 Nxe4 16. Rb6 Re8 17. Be3 Nf6 18. Bc4 Nd7 19. Rb3 Bf8 20. Rd1 Nc5 21. Ra3
Be7 22. h3 Kg7 23. Bd4+ Kg8 24. Be3 Kg7 25. g4 Bf8 26. Bd4+ Kg8 27. Re3 Rd8 28.
b4 Nd7 29. Red3 Re8 30. Bc3 b5 31. Bb3 Bb7 32. Ng5 Nb8 33. f4 h6 34. Nf3 Bxf3
35. Rxf3 Nc6 36. f5 Bxb4 37. fxe6 fxe6 38. Bxb4 Nxb4 39. Rd6 Rad8 40. Rxd8 Rxd8
41. Rf6 Kg7 42. Rxe6 Rc8 43. h4 Rc6 44. Re2 Kf6 45. Kf2 Rd6 46. Re8 Nc6 47. Rf8+
Kg7 48. Rf7+ 1/2-1/2

[Event "96th ch-GER Candidates"]
[Site "Munich GER"]
[Date "2025.05.19"]
[Round "4.7"]
[White "Zuferi, Enis"]
[Black "Kuegel, Tobias"]
[Result "0-1"]
[WhiteTitle "FM"]
[BlackTitle "IM"]
[WhiteElo "2351"]
[BlackElo "2362"]
[WhiteFideId "24692530"]
[BlackFideId "4636295"]
[EventDate "2025.05.17"]

1. d4 d5 2. c4 e6 3. Nc3 Nf6 4. cxd5 Nxd5 5. e4 Nxc3 6. bxc3 c5 7. Rb1 Be7 8.
Nf3 O-O 9. h4 b6 10. h5 h6 11. Rh3 Nd7 12. Rg3 Kh8 13. Qd2 cxd4 14. cxd4 Bb7 15.
Bd3 Rc8 16. Kf1 Nf6 17. Qe3 Rc3 18. Rb3 Qc8 19. Rxc3 Qxc3 20. Bd2 Qa3 21. Bc1
Qc3 22. Bd2 Qa1+ 23. Ke2 Qxa2 24. Rxg7 Kxg7 25. Qxh6+ Kg8 26. Qg5+ Kh8 27. Qh6+
Kg8 28. Qg5+ Kh8 29. e5 Ng8 30. Qg4 Bxf3+ 31. gxf3 Bb4 32. Qe4 Qxd2+ 33. Kf1
Qe1+ 0-1

[Event "96th ch-GER Candidates"]
[Site "Munich GER"]
[Date "2025.05.19"]
[Round "4.8"]
[White "Kocharin, Timur"]
[Black "Spitzl, Vinzent"]
[Result "1/2-1/2"]
[WhiteTitle "FM"]
[BlackTitle "FM"]
[WhiteElo "2324"]
[BlackElo "2355"]
[WhiteFideId "16240936"]
[BlackFideId "12901253"]
[EventDate "2025.05.17"]

1. d4 Nf6 2. c4 e6 3. Nc3 d5 4. cxd5 exd5 5. Bg5 Bb4 6. e3 h6 7. Bh4 g5 8. Bg3
Ne4 9. a3 Nxg3 10. hxg3 Be7 11. Bd3 c6 12. Qc2 Be6 13. Nge2 Nd7 14. Bf5 Bxf5 15.
Qxf5 Nf6 16. O-O-O Qd7 17. Qd3 O-O-O 18. f3 h5 19. Rhf1 Qe6 20. e4 h4 21. e5 Nh5
22. f4 gxf4 23. gxf4 f5 24. exf6 Bxf6 25. f5 Qd6 26. Kb1 Rhg8 27. Qf3 Ng3 28.
Rfe1 Rde8 29. Nf4 Rxe1 30. Rxe1 Bxd4 31. Ng6 Kb8 32. Re6 Qc7 33. Re7 Qd6 34. Re6
Qc7 35. Re7 Qd6 36. Re6 1/2-1/2

[Event "96th ch-GER Candidates"]
[Site "Munich GER"]
[Date "2025.05.19"]
[Round "4.9"]
[White "Sauer, Tim"]
[Black "Miller, Eduard"]
[Result "0-1"]
[BlackTitle "FM"]
[WhiteElo "2139"]
[BlackElo "2338"]
[WhiteFideId "16265726"]
[BlackFideId "24687022"]
[EventDate "2025.05.17"]

1. c4 Nf6 2. Nc3 e5 3. g3 d6 4. Bg2 g6 5. e3 Bg7 6. Nge2 O-O 7. O-O Re8 8. d3
Nbd7 9. Rb1 h5 10. b4 h4 11. Nd5 Nxd5 12. cxd5 a5 13. a3 Nb6 14. Qc2 h3 15. Bh1
axb4 16. axb4 Bd7 17. e4 Na4 18. Be3 Bb5 19. Rfc1 Qd7 20. Bf3 Rec8 21. Qd1 c6
22. dxc6 Rxc6 23. Rxc6 bxc6 24. Qb3 Kh7 25. Rd1 f5 26. exf5 Qxf5 27. Be4 Qg4 28.
f3 Qd7 29. f4 d5 30. Bf3 exf4 31. Bxf4 Nb2 32. Rb1 Nxd3 33. Be3 Ne5 34. Nd4
Nxf3+ 35. Nxf3 Qf5 36. Bf4 Ra3 37. Ng5+ Kg8 38. Qd1 Bd4+ 39. Kh1 Be2 0-1

[Event "96th ch-GER Candidates"]
[Site "Munich GER"]
[Date "2025.05.19"]
[Round "4.10"]
[White "Koepke, Christian"]
[Black "Herbrig, Alexander"]
[Result "1-0"]
[WhiteTitle "IM"]
[BlackTitle "FM"]
[WhiteElo "2328"]
[BlackElo "2297"]
[WhiteFideId "4655737"]
[BlackFideId "12952044"]
[EventDate "2025.05.17"]

1. e4 e5 2. Nf3 Nc6 3. Nc3 Nf6 4. d4 exd4 5. Nxd4 Bb4 6. Nxc6 bxc6 7. Bd3 d5 8.
Bd2 O-O 9. O-O Bxc3 10. Bxc3 dxe4 11. Bxf6 Qxf6 12. Bxe4 Ba6 13. c4 Rad8 14. Qa4
c5 15. b3 Rd4 16. Rae1 g6 17. Bc6 Bc8 18. Bd5 Qg5 19. Qc6 Bf5 20. Qxc5 Rd2 21.
Re3 Rxa2 22. Qxc7 Qf6 23. h3 h5 24. b4 Qd4 25. Re8 Qf6 26. Rxf8+ Kxf8 27. Qf4
Kg7 28. c5 Rc2 29. Rc1 Rxc1+ 30. Qxc1 Qd4 31. Qc4 Qa1+ 32. Kh2 Qe5+ 33. f4 Qe3
34. h4 Qf2 35. Qc3+ Kg8 36. Qe5 Qxh4+ 37. Kg1 Qd8 38. c6 Bc8 39. c7 Qd7 40. b5
Kf8 41. Bc6 1-0

[Event "96th ch-GER Candidates"]
[Site "Munich GER"]
[Date "2025.05.19"]
[Round "4.11"]
[White "Pfrommer, Christoph"]
[Black "Saglam, Buelent"]
[Result "1-0"]
[WhiteTitle "FM"]
[WhiteElo "2272"]
[BlackElo "2114"]
[WhiteFideId "4603290"]
[BlackFideId "24694827"]
[EventDate "2025.05.17"]

1. d4 d5 2. Nf3 c6 3. c4 e6 4. e3 f5 5. Be2 Nf6 6. O-O Bd6 7. b3 Nbd7 8. Ba3 Bb8
9. Ng5 Ng4 10. Bxg4 Qxg5 11. Bh5+ g6 12. Be2 Qh6 13. g3 Nf6 14. Nd2 Qg7 15. Nf3
g5 16. Bd3 h5 17. Re1 h4 18. Kf1 hxg3 19. hxg3 f4 20. Ne5 Bxe5 21. dxe5 fxg3 22.
Qf3 Nd7 23. Qxg3 Qxe5 24. Kg2 Qxg3+ 25. Kxg3 Ne5 26. Be2 Nf7 27. Rh1 Nh6 28. Kg2
e5 29. Bb2 Bf5 30. Bxe5 Rh7 31. cxd5 Nf7 32. Rxh7 Bxh7 33. Bf6 Be4+ 34. Kg3 Bxd5
35. Bg4 Kf8 36. f3 Re8 37. e4 Be6 38. Bh5 a5 39. Rb1 b5 40. Rc1 Rc8 41. Rc5 Bd7
42. Bg4 Ke8 43. e5 Bxg4 44. Kxg4 Nd8 45. Bxd8 Kxd8 46. Kxg5 Kd7 47. Kf5 Rf8+ 48.
Ke4 Ra8 49. a4 Rb8 50. axb5 cxb5 51. f4 a4 52. bxa4 bxa4 53. Ra5 Rb4+ 54. Kf5
Kc6 55. e6 Kd6 56. Ra6+ Ke7 57. Ra7+ Kd6 58. e7 Rb8 59. Kf6 Rh8 60. Kg7 1-0

[Event "96th ch-GER Candidates"]
[Site "Munich GER"]
[Date "2025.05.19"]
[Round "4.12"]
[White "Manucharyan, Andriy"]
[Black "Lippert, Daniel"]
[Result "1/2-1/2"]
[WhiteElo "2141"]
[BlackElo "2227"]
[WhiteFideId "16260910"]
[BlackFideId "16261895"]
[EventDate "2025.05.17"]

1. d4 d5 2. c4 c6 3. Nf3 Nf6 4. e3 e6 5. b3 Ne4 6. Nbd2 Nd7 7. Nxe4 dxe4 8. Nd2
f5 9. Be2 Bd6 10. O-O O-O 11. Re1 Rf6 12. f4 Rh6 13. Nf1 Nf6 14. a4 Qe7 15. c5
Bc7 16. b4 Nd5 17. b5 Bd7 18. Qb3 g5 19. fxg5 Qxg5 20. Bc4 Bxh2+ 21. Nxh2 Rxh2
22. Kxh2 Qh4+ 23. Kg1 Qxe1+ 24. Kh2 Kf7 25. Bb2 Qxe3 26. Bxd5 Qf4+ 27. Qg3 Qxg3+
28. Kxg3 exd5 29. Rh1 Kg6 30. bxc6 Bxc6 31. a5 Re8 32. Bc1 e3 33. Kf3 e2 34. Bd2
h5 35. g3 a6 36. Kf2 Bb5 37. Be1 Bc4 38. Kf3 Re4 39. Rh4 Kg5 40. Bd2+ f4 41. Rh1
Kg6 42. gxf4 Rxd4 43. Be1 Rd1 44. Kf2 d4 45. Rh4 Bb5 46. f5+ Kg5 47. f6 d3 48.
f7 d2 49. Rh1 dxe1=Q+ 50. Rxe1 Rd8 51. Rg1+ Kh4 52. Rh1+ Kg5 53. Rg1+ Kh4 54.
Rh1+ Kg4 55. Rg1+ Kh3 56. Rh1+ Kg4 57. Rg1+ Kh4 58. Rh1+ Kg5 1/2-1/2